|
|
|
|
| LEADER |
00000nkm a22000005a 4500 |
| 001 |
vtls010651027 |
| 003 |
SK-MaSNL |
| 005 |
20260302085033.0 |
| 008 |
231206s1969 xo 000 klslo |
| 040 |
|
|
|a SNK
|b slo
|c SNK
|e AACR
|
| 041 |
0 |
|
|a slo
|
| 044 |
|
|
|a xo
|c SK
|
| 245 |
1 |
0 |
|a ČSSR - Vysoké Tatry
|h grafika
|b Chata kpt. Morávku (1500 m) pri Popradskom plese (1494 m)
|c foto: Ladislav Rozman
|
| 260 |
|
|
|a Bratislava
|b [s.n.
|c 1969]
|
| 300 |
|
|
|a 1 pohľadnica
|c 11 x 15 cm
|
| 655 |
|
7 |
|a geografické pohľadnice
|2 SNK
|9 70522
|
| 958 |
|
|
|a GC
|
| 958 |
|
|
|a GBN
|
| 958 |
|
|
|a OND
|
| 999 |
|
|
|c 1190413
|d 1192343
|
| 952 |
|
|
|a SNK
|b SNK
|y PREZ
|7 0
|p 17A1122017
|o snkSP 80583 D1
|i snk2015/3095
|8 3
|g 0.50
|0 0
|1 0
|4 0
|d 2015-01-30
|l 0
|r 2026-02-24 22:09:41
|w 2026-02-24
|